Nemecká spolková republika a jej zahraničná politika v rokoch prvej a druhej vlády "malej koalície" (1969-1974)

Saved in:
Bibliographic Details
Main Author: Čech, Ľubomír, 1955-
Corporate Author: Ekonomická univerzita v Bratislave. Fakulta medzinárodných vzťahov
Other Authors: Lasicová, Jana, Škvrnda, František
Format: Book
Language:Slovak
Published: Bratislava Vydavateľstvo EKONÓM 2014
Edition:1. vyd.
Subjects:
Tags: Add Tag
No Tags, Be the first to tag this record!

MARC

LEADER 00000nam a2200000 4500
001 0188821
005 20240502073207.9
020 |a 978-80-225-3841-1 
041 0 |a slo 
044 |a SK 
245 1 0 |a Nemecká spolková republika a jej zahraničná politika v rokoch prvej a druhej vlády "malej koalície" (1969-1974)  |c Ľubomír Čech ; recenzenti Jana Lasicová, František Škvrnda 
250 |a 1. vyd. 
264 1 |a Bratislava  |b Vydavateľstvo EKONÓM  |c 2014 
300 |a 100 s. [6,70 AH] 
610 2 0 |a politika zahraničná 
610 2 0 |a Nemecko 
610 2 0 |a politika vnútorná 
610 2 0 |a politika bezpečnostná 
100 1 |a Čech, Ľubomír, 1955- 
700 1 |a Lasicová, Jana 
700 1 |a Škvrnda, František 
710 2 |a Ekonomická univerzita v Bratislave. Fakulta medzinárodných vzťahov